Online
Catalog

My lovely native land / (Record no. 1328)

MARC details
000 -CABECERA
campo de control de longitud fija 00655cam a2200193 a 4500
001 - NÚMERO DE CONTROL
campo de control 000001407
005 - FECHA Y HORA DE LA ÚLTIMA TRANSACCIÓN
campo de control 20200929145553.0
008 - DATOS DE LONGITUD FIJA--INFORMACIÓN GENERAL
campo de control de longitud fija 760521s1971 tr a 001 1 eng
020 ## - NÚMERO INTERNACIONAL ESTÁNDAR DEL LIBRO
Número Internacional Estándar del Libro 0582761468
040 ## - FUENTE DE LA CATALOGACIÓN
Centro catalogador/agencia de origen DO-SdBNP
Centro/agencia transcriptor DLC
Centro/agencia modificador DLC
082 ## - NÚMERO DE LA CLASIFICACIÓN DECIMAL DEWEY
Número de clasificación 843
Número de documento/Ítem M995l
245 00 - MENCIÓN DE TÍTULO
Título My lovely native land /
Mención de responsabilidad, etc. compilación, Arthur y Elma Seymour ; ilustrador, Leila Locke.
260 ## - PUBLICACIÓN, DISTRIBUCIÓN, ETC.
Lugar de publicación, distribución, etc. Trinidad :
Nombre del editor, distribuidor, etc. Longman Caribbean Limited,
Fecha de publicación, distribución, etc. 1971.
300 ## - DESCRIPCIÓN FÍSICA
Extensión vi, 138 p. :
Otras características físicas il. ;
Dimensiones 22 cm.
650 #4 - PUNTO DE ACCESO ADICIONAL DE MATERIA--TÉRMINO DE MATERIA
Término de materia o nombre geográfico como elemento de entrada Literatura de guyana
Subdivisión cronológica SIGLO XX
9 (RLIN) 4707
700 1# - PUNTO DE ACCESO ADICIONAL--NOMBRE DE PERSONA
Nombre de persona Seymour, A. J.
Término indicativo de función/relación comp.
Forma completa/desarrollada del nombre (Arthur J.)
9 (RLIN) 4708
700 1# - PUNTO DE ACCESO ADICIONAL--NOMBRE DE PERSONA
Nombre de persona Seymour, Elma.
Término indicativo de función/relación comp.
9 (RLIN) 4709
910 ## - DATOS DE OPCIÓN DEL USUARIO (OCLC)
Datos de opción del usuario Catalogación por copia / LC
Holdings
Estado de retiro Estado de pérdida Restricciones de uso No para préstamo Código de colección Localización permanente Ubicación/localización actual Ubicación en estantería Fecha de adquisición Número de inventario Total de préstamos Signatura topográfica completa Código de barras Fecha visto por última vez Precio válido a partir de Tipo de ítem Koha
    Préstamo interno   Monografías: Libros y Folletos General General En catalogación 17.08.2009 LF1   843 M995l 1407-10 25.06.2020 25.06.2020 Préstamo interno

Powered by Koha